| 000 | 00948nam a2200229 a 4500 | ||
|---|---|---|---|
| 001 | 55405 | ||
| 005 | 20180714050708.0 | ||
| 008 | 140415s2008 sp 000 0 spa d | ||
| 020 | _a9788474909081 | ||
| 041 | _aspa | ||
| 082 |
_a144.3 _bPEI |
||
| 100 | 1 | _aPEIRCE, CHARLES S. | |
| 245 | 1 | 3 | _aEL PRAGMATISMO |
| 250 | _a1a ed. | ||
| 260 |
_aESPAÑA : _bEDICIONES ENCUENTRO, _c2008 |
||
| 300 |
_a139 _c14.9 x 0.8 x 20.7 |
||
| 490 | _aENSAYOS | ||
| 520 | _aEN LOS ULTIMOS AÑOS DE SU VIDA, CHARLES S. PEIRCE, EL INTELECTO MAS ORIGINAL Y VERSATIL QUE AMERICA HA PRODUCIDO, RETOMA MUCHAS CUESTIONES DENTRO DE SU EVOLUCION INTELECTUAL Y TRATA DE DAR UNA FORMA DEFINITIVA AL SISTEMA DE SU PENSAMIENTO. EN ESE CONTEXTO SE ENMARCAN LOS DOS TEXTOS TRADUCIDOS EN ESTE VOLUMEN QUE ES EL PRAGMATISMO (1905) Y PRAGMATISMO (1908). | ||
| 650 | 1 | 4 | _aPRAGMATISMO |
| 700 | 1 |
_aBARRENA, SARA _etr. |
|
| 740 | _aWHAT PRAGMATISM IS Y PRAGMATISM | ||
| 999 |
_c55405 _d55405 |
||